000
00327 a2200133 4500
000
nam a22 7a 4500
100
_a
Singh, B.D.
110
_a
Singh, B.D.
245
_a
Biotechnology
250
_a
6th/Latest edition
260
_b
MedTech Science Press
_c
2025
264
_b
MedTech Science Press
_c
2025
942
_c
BK
999
_c
396775
_d
396775